000 02017nam a2200397 c 4500
003 BLK
005 20250723113502.0
008 180411b bul|||||r ||||||| ||bul||
010 _aKNG00192987000
020 _a978-619-199-141-9
_bиздат.: Фют
040 _aBLK
041 _aBUL
_cBUL
072 7 _2bullib
_aН86
_xДетска отраслова литература Н
080 _aПрирода и общество. Опазване на природата(в цялост) - Социални, законодателни и административни аспекти на опазване на природата, организация и мерки по възстановяване и спасяване на природата и др.
_b502.3
_x(02.053.2)
_z502.3(02.053.2)
700 1 _aТомас, Изабел
_eтекст
_9343390
700 1 _aАндрюс, Крис
_eил.
_9343391
700 _aРаленкова, Албена Василева
_d1968 -
_gПреводач от английски и френски език.
_9368050
139 _aТомас, Изабел
_bТ 69
245 1 0 _a[Двадесет и три] 23 екопроекта
_cтекст Изабел Томас; ил. Крис Андрюс; прев. Албена Василева Раленкова.
257 _aGBR
260 София
_bФют
_c2016
_fотпеч. в Китай
300 _a64 с.
_bс цв. ил.
_c26 см
380 _aDN
500 _aОриг. загл. 23 Ways To Be an Eco Hero. - Речник.
653 _aопазване на околната среда
653 _aпрактични идеи
653 _aлитература за деца
653 _aдетска литература
659 _aН
852 _aЦб ІІ 21523
856 4 _qpdf
_u
856 4 _qpdf
_u
942 _cKNG
_n0
_013
944 _aCR
_c13.10.2016
_lАнна Гръцманова
_k30564
944 _aED
_c17.10.2016
_lф /
_kЛюдмила_Стоянова
999 _c184035
_d184035